000 01056nam a2200229 4500
001 85978
003 BD-RjUL
005 20251120122341.0
008 251120s1976 ii ||||| |||| 00| 0 urd d
035 _a(BD-RjUL)85978
040 _aBD-RjUL
_beng
_cBD-RjUL
041 _aurd
082 _223
_a891.4391092
_bAUG 1976
100 _aاوگانوى., ظفر;; Augnāvī., Z̤afar
_d1939
_917361
245 1 0 _aغالب کل عظیم المرتبط شاگرد صفير بلگرامی : حیات و کارنامے / G̲h̲ālib kā ʻaẓīm al-martabat shāgird Ṣafīr Bilgirāmī : ḥayāt va kārnāme /
_cظفر اوگانوى., ظفر اوگانوى،, 1939- author (Author) / Ẓafar Augnāvī., Z̤afar Augānvī
260 _a Kalkatah, :
_b اقدار کتاب‌ گھر، / Aqdār Kitāb Ghar,
_c1976
300 _a496 pages :
_billustrations ;
_c22 cm
600 _aṢafīr Bilgirāmī
_d1834-1890
_x Criticism and interpretation
_917362
650 _aCriticism, interpretation
650 _a Ṣafīr Bilgirāmī,
_917363
942 _2ddc
_cBK
999 _c85978
_d85978